| 000 | 00964nam a2200289Ia 4500 | ||
|---|---|---|---|
| 001 | E7867 | ||
| 003 | IT-RoPAU | ||
| 008 | 130308s9999 xx 000 0 und d | ||
| 040 | _aIT-RoPAU | ||
| 040 | _cIT-RoPAU | ||
| 041 | _aINGLESE | ||
| 100 | _aTomlinson John | ||
| 100 | _gCodice Aut. SPICS: 45470 | ||
| 245 | _aCultural Globalization and Cultural Imperialism | ||
| 245 | _bInternational Communication And Globalization | ||
| 250 | _a1a ed. | ||
| 260 | _aLONDON | ||
| 260 | _bSage Publications Ltd | ||
| 260 | _c1997 [1° Ed.:1997 - Ed.Ling.Originale:1997] | ||
| 300 | _a"21 p. (prefazione: no ; testo: 21 [pagine: 170-190])" | ||
| 500 | _aGlobalizzazione Culturale e imperialismo Culturale. Aspetti Culturali della Globalizzazione. Confronto teorie Moderne e vecchie della Globalizzazionedella Cultura. | ||
| 650 | _aTEORIA DELLA COMUNICAZIONE SOCIALE | ||
| 650 | _eCodice materia Spics: 3802 | ||
| 942 | _cBK | ||
| 957 | _71 | ||
| 999 |
_c79564 _d79564 |
||
| 999 | _g1 | ||